| Tag |
First Indicator |
Second Indicator |
Subfields |
| LEADER |
00000cam a22000001a 4500 |
| 001 |
in00003355421 |
| 006 |
m d f |
| 007 |
cr bn mmmapmmp |
| 008 |
100727s2002 dcu o f000 0 eng d |
| 005 |
20260430231229.8 |
| 035 |
|
|
|a cis2007899205
|
| 040 |
|
|
|a ProQuest
|c ProQuest
|d UtOrBLW
|
| 043 |
|
|
|a n-us---
|
| 099 |
|
|
|a CRS-2002-FDT-0756
|
| 110 |
2 |
|
|a Library of Congress.
|b Congressional Research Service.
|
| 245 |
1 |
0 |
|a U.S.-Japan Economic Ties :
|b Status and Outlook.
|
| 264 |
|
1 |
|a [Place of publication not identified] :
|b [publisher not identified],
|c 2002.
|
| 300 |
|
|
|a 1 online resource.
|
| 336 |
|
|
|a text
|b txt
|2 rdacontent
|
| 337 |
|
|
|a computer
|b c
|2 rdamedia
|
| 338 |
|
|
|a online resource
|b cr
|2 rdacarrier
|
| 500 |
|
|
|a Record is based on bibliographic data in ProQuest U.S. Congressional Research Digital Collection (last viewed July 2010). Reuse except for individual research requires license from ProQuest, LLC.
|
| 500 |
|
|
|a CRS Report.
|
| 520 |
|
|
|a Provides an overview of U.S.-Japan economic ties and trends and outlook for future relations. Discusses Japan's economic problems, regional and multilateral negotiations, and major issues, including steel imports by U.S., implementation of agreements in insurance and other industries, deregulation of Japan's economy, and foreign investment in Japan.
|
| 500 |
|
|
|a Electronic resource.
|
| 650 |
|
0 |
|a International economic relations.
|
| 650 |
|
0 |
|a Investments, Foreign.
|
| 651 |
|
0 |
|a Japan.
|
| 655 |
|
7 |
|a Electronic books.
|2 local
|
| 710 |
2 |
|
|a ProQuest (Firm)
|
| 776 |
0 |
8 |
|i Microfiche version:
|a Library of Congress. Congressional Research Service.
|t U.S.-Japan Economic Ties
|
| 830 |
|
0 |
|a U.S. Congressional Research.
|
| 856 |
4 |
0 |
|u http://proxy.library.tamu.edu/login?url=https://congressional.proquest.com/congcomp/getdoc?CRDC-ID=CRS-2002-FDT-0756
|z Connect to the full text of this electronic book
|t 0
|
| 999 |
|
|
|a MARS
|
| 999 |
f |
f |
|s 2faba1f6-7ec2-33a1-9e7c-2fd7daabf806
|i de7035be-2d5e-3cc4-85be-37c1cc5bb9e7
|t 0
|
| 952 |
f |
f |
|a Texas A&M University
|b College Station
|c Electronic Resources
|s www_evans
|d Available Online
|t 0
|e CRS-2002-FDT-0756
|h Other scheme
|
| 998 |
f |
f |
|a CRS-2002-FDT-0756
|t 0
|l Available Online
|